000 00563nam a2200181 i 4500
001 142514
003 ES-MaACL
005 20250907063112.0
007 t|
008 071005s1967 sp ||||1| spa d
100 1 _aVillalonga, Llorenç,
_d1897-1980
_9114975
245 1 3 _aLa muerte de una dama /
_cLorenzo Villalonga ; con ilustraciones de Julio Caparros.
260 _aBarcelona :
_bDima,
_c1967.
300 _a160 p., 6 lám. ;
_c22 cm.
700 1 _aCaparrós, Julio.
_934779
852 _aES-MaACL
_jC-34177
_bR.65020
999 _c142514
_d142514